| 000 | 00530nam a2200145 a 4500 | ||
|---|---|---|---|
| 001 | 000038098 | ||
| 005 | 20201002031156.0 | ||
| 008 | 130313s1993 dr a 000 0 spa d | ||
| 040 |
_aDO-SdBNP _bspa _cBNPHU |
||
| 245 | 0 | 0 |
_aTalleres de capacitación en educación y prevención transmisión VIH/sida : _bManual de instrucción / _cEnrique Báez ...[et. al.]. |
| 250 | _a2a ed. Revisada | ||
| 260 |
_aSanto Domingo : _bPatronato de Lucha Contra el SIDA , _c1993. |
||
| 300 |
_a23 p. : _bil. ; _c27 cm. |
||
| 700 | 1 |
_aBáez, Enrique _964484 |
|
| 999 |
_c37588 _d37588 |
||